[Event "Aracaju rapid op"]
[Site "Aracaju"]
[Date "2020.01.18"]
[Round "4"]
[White "Acioli, Luyse Victoria Gome"]
[Black "Figueiredo Ferreira, Alessio"]
[Result "1-0"]
[WhiteElo "1900"]
[BlackElo "1900"]
[PlyCount "125"]
[EventDate "2020.01.18"]
[EventType "swiss"]
[EventRounds "4"]
[EventCountry "BRA"]
[SourceTitle "CBM 194 Extra"]
[Source "ChessBase"]
[SourceDate "2020.03.31"]
[SourceVersion "1"]
[SourceVersionDate "2020.03.31"]
[SourceQuality "1"]

1. d4 d5 2. e3 Bf5 3. c4 c6 4. Nc3 Nf6 5. Nf3 Bg4 6. Bd3 e6 7. 0-0 Be7 8. h3 Bh5 9. Be2 Bxf3 10. Bxf3 dxc4 11. Qe2 b5 12. Nxb5 Qb6 13. Nc3 0-0 14. Qxc4 Rc8 15. Qb3 Nd5 16. Nxd5 exd5 17. Bd2 Nd7 18. Rfe1 Rab8 19. Qxb6 axb6 20. Rac1 Nf6 21. e4 dxe4 22. Bxe4 Nxe4 23. Rxe4 Bf6 24. Bc3 h6 25. a4 Rb7 26. Re3 Bg5 27. Bd2 Bxe3 28. Bxe3 b5 29. a5 Rcb8 30. d5 cxd5 31. Ra1 Rd7 32. a6 Ra8 33. a7 g6 34. Ra5 Kf8 35. Rxb5 Raxa7 36. Bxa7 Rxa7 37. Rxd5 Rb7 38. Rd2 Kg7 39. Kf1 f5 40. Ke1 Rb6 41. Re2 f4 42. Kd1 Kf6 43. Kc2 Kf5 44. g4+ fxg3 45. fxg3 h5 46. Kc3 Rb8 47. b4 Rb5 48. Kc4 Re5 49. Rf2+ Ke6 50. b5 g5 51. Rf3 g4 52. hxg4 hxg4 53. Rf4 Kd6 54. Rxg4 Kc7 55. Rg6 Re4+ 56. Kb3 Kb7 57. Rc6 Re3+ 58. Rc3 Re4 59. Kc2 Kb6 60. Rb3 Rg4 61. Kd2 Rg5 62. Ke2 Rxb5 63. Rxb5+ 1-0